00165nam a2200073Ia 4500008004100000041000800041245003300049260000900082250129s9999 xx 000 0 und d aeng aThe American Economic Review c2023